00361nam a22001097a 4500003000400000082001700004100001900021245014000040260004500180300000700225650001900232SGT a617.69bC25A aAtreja, Preeti aA comparative evaluation of primary and secondary stability in immediate and early placed implants with early loadingbAn in-vivo study aGurugram, HaryanabSGT University c2025 a87 aProsthodontics